00287nam a2200121Ia 4500008004100000041000900041082001500050100002500065245001800090260004000108300000900148650000800157230718s9999 xx 000 0 und d aEng. a340bSAE-P aSaeed, Malik. M (ed) 0aP. L.D (1975) aPakistanbAll Paulistan Legalc1975 a1575 aLaw